000 00335 a2200157 4500
001 190823
020 _a85-98708-04-6
040 _cMagnum
100 _aGonçalves, Jaqueline Frade
240 1 0 _aMedo de escuro
_lpor
245 1 0 _aMedo de escuro
300 _a16
362 0 _a2004
697 _aLITERATURA INFANTIL
942 _cBK
999 _c190823
_d190823